Länder mit den meisten Verkehrstoten - Statistiken

Allgemein
  • Dieses Quiz wurde 52 mal gespielt
  • Das Durchschnittsergebnis liegt bei 12 aus 20
Antwortstatistiken
Anzahl Land % Korrekt
256.180 China
98%
39.888 USA
95%
299.091 Indien
91%
25.969 Russland
84%
41.007 Brasilien
75%
16.725 Mexiko
73%
27.582 Pakistan
73%
22.491 Thailand
68%
31.726 Indonesien
66%
16.426 Iran
61%
39.802 Nigeria
61%
14.507 Südafrika
61%
24.954 Bangladesch
59%
24.970 Vietnam
55%
12.690 Philippinen
45%
27.326 Äthiopien
41%
13.463 Kenia
34%
16.252 Tansania
34%
26.529 DR Kongo
20%
12.036 Uganda
14%
Keine übereinstimmenden Quizze gefunden
Verteilung der Resultate
Anzahl Personen mit jedem Resultat
Perzentil nach korrekt beantworteten Fragen
Ihre Resultats-Entwicklung
Sie haben dieses Quiz noch nicht gespielt